La Revue de l'art ancien et moderne. (Record no. 2028)

MARC details
000 -LEADER
campo de control de longitud fija 00701nas a2200241 i 4500
001 - NÚMERO DE CONTROL
campo de control 2028
003 - IDENTIFICADOR DE NÚMERO DE CONTROL
campo de control ES-MaACL
005 - FECHA Y HORA DE LA ÚLTIMA TRANSACCIÓN
campo de control 20250812062555.0
007 - CAMPO FIJO DE DESCRIPCIÓN FÍSICA--INFORMACIÓN GENERAL
campo de control de longitud fija t|
008 - DATOS DE LONGITUD FIJA--INFORMACIÓN GENERAL
campo de control de longitud fija 950801d18971937fr | | 1 ||re d
080 ## - NÚMERO DE LA CLASIFICACIÓN DECIMAL UNIVERSAL
Número de la Clasificación Decimal Universal 460
245 03 - MENCIÓN DEL TÍTULO
Título La Revue de l'art ancien et moderne.
260 ## - PUBLICACIÓN, DISTRIBUCIÓN, ETC.
Lugar de publicación, distribución, etc. Paris :
Nombre del editor, distribuidor, etc. Imp. Georges Petit,
Fecha de publicación, distribución, etc. 1897-1937 (
Fabricante Gauthier Villars)
300 ## - DESCRIPCIÓN FÍSICA
Extensión 32 v. :
Otras características físicas grab ;
Dimensiones 30 cm.
310 ## - PERIODICIDAD ACTUAL
Periodicidad actual Mensual
362 0# - FECHAS DE PUBLICACIÓN Y/O DESIGNACIÓN SECUENCIAL
Fecha de publicación y/o designación secuencial Año I, t. I (1897)-(1937)
500 ## - NOTA GENERAL
Nota general No se publicó de ago. de 1914 a ago. de 1919.
650 17 - PUNTO DE ACCESO ADICIONAL DE MATERIA--TÉRMINO DE MATERIA
Término de materia o nombre geográfico como elemento de entrada Arte
Fuente del encabezamiento o término embne
9 (RLIN) 10068
700 1# - ENTRADA AGREGADA--NOMBRE PERSONAL
Nombre de persona Dezarrois, André.
9 (RLIN) 44059
852 ## - LOCALIZACIÓN
Ubicación ES-MaACL
Número de control de estantería Hem-112
866 #0 - MENCIÓN TEXTUAL DE FONDOS--UNIDAD BIBLIOGRÁFICA BÁSICA
Fondos 1913-14.1919-34(1935f.n.362y364).
Holdings
Estatus retirado Estado de pérdida Estado de daño No para préstamo Colección Biblioteca de origen Biblioteca actual Ubicación en estantería Fecha de adquisición Fuente de adquisición Total de préstamos Signatura topográfica completa Código de barras Visto por última vez Precio de reemplazo Tipo de ítem Koha
        Periódicos y Revistas Biblioteca del Ateneo de Madrid Biblioteca del Ateneo de Madrid Depósito 1 17/01/2008     Hem-112 1002067 23/02/2023 23/02/2023 Revista